Регионална библиотека "Любен Каравелов" - Русе

Под земята (Запис номер 167837)

MARC детайли
000 -Лидер
Контролно поле с фиксирана дължина 01432nam a2200313 c 4500
003 - Код на организацията, давaща контролен номер
Контролно поле BLK
005 - Дата и час на последна редакция
Контролно поле 20180422114219.0
008 - Елементи от данни с фиксирана дължина
fixed length control field 180411b bul|||||r ||||||| ||bul||
010 ## - Наследен системен номер
LC control number KNG00175679000
040 ## - Източник на каталожния запис
Идентификатор на билиотеката - собственик на записа BLK
041 ## - Код за език
Код за езика на текст/звукозапис или на отделно заглавие Български
Код за езика КДБФ Български
080 ## - УДК
Текстов определител УДК Българска литература
УДК код - определител по УДК 821.163.2
УДК определител -93-32
УДК - код + определител 821.163.2-93-32
100 1# - Редна дума - Автор
Автор Зеленогоров, Владимир
Авторска отговорност първи автор
R(LIN) 69603
139 ## - Редно поле
Редна дума Зеленогоров, Владимир
Авторски знак Зел - З 52
245 10 - Сведения за заглавието
Заглавие Под земята
Подзаглавни данни Повест : За средна училищна възраст
Редно поле (дума) Владимир Зеленогоров; * Владимир Иванов Симеонов; худож. Юли Стефанов Минчев; худож. Калина Петрова Тасева.
257 ## - Страна на издаване
Страна на създаване/издаване България
260 ## - Област на издателските данни
-- София
Име на издателя, разпространителя и проч. Нар. младеж
Година на издаване 1961
300 ## - Физическа характеристика
Страници 112 с.
Илюстрации и др. с ил.
Размери/Мащаб 20 см
380 ## - Жанр
Жанр Детска худож. лит.
500 ## - Общи забележки
Забележка Владимир Зеленгоров псевдоним на Владимир Иванов Симеонов. - 10 100 тир.
700 1# - Други автори (авторска отговорност)
Лично име Симеонов, Владимир Иванов
Автороска отговорност (Описва отношението между автора и произведението) *
9 (RLIN) 326867
700 1# - Други автори (авторска отговорност)
Лично име Минчев, Юли Стефанов
Автороска отговорност (Описва отношението между автора и произведението) худож.
9 (RLIN) 378905
700 1# - Други автори (авторска отговорност)
Лично име Тасева, Калина Петрова
Автороска отговорност (Описва отношението между автора и произведението) худож.
9 (RLIN) 378904
852 ## - Местоположение
Форматна сигнатура Цб 19684
856 4# - Електронен адрес и достъп
Електронен формат pdf - файл
Път до файла /url/
856 4# - Електронен адрес и достъп
Електронен формат pdf - файл
Път до файла /url/
942 ## - АРТИКУЛИ
Вид на библиотечния материал Книги
Скрит в OPAC Не
944 ## - СЪЗДАВАНЕ И РЕДАКЦИЯ на ЗАПИСА
Създаване/Редакция Създаване
Дата на регистрацията/редакция 22.05.2015
Служител, извършил регистрацията/редакцията Милена_Ачева
944 ## - СЪЗДАВАНЕ И РЕДАКЦИЯ на ЗАПИСА
Създаване/Редакция Редакция
Дата на регистрацията/редакция 25.09.2017
Служител, извършил регистрацията/редакцията Вася_Ганчева
999 ## - СИСТЕМНИ КОНТРОЛНИ НОМЕРА
Koha biblionumber 167837
Koha biblioitemnumber 167837
Наличности
Код за отписване Код за изгубен артикул Източник на класификационната схема Код за повреда Коз за рестрикции Код за отдаване Артикулен № Име на библиотеката - собственик Име на библиотеката, в която се намира в момента Статус (Текущо местоположение) Дата на вписване в системата Местоположение - отдел Цена в лева Инвентарен номер Систематично азбучна сигнатура Баркод Номер на екземпляра Цена в евро Служебна бележка Служебен тип на артикула Бележка за публиката
  Не е изгубен Universal Decimal Classification Не е повреден без рестрикции ползва се в читалня 282867 Регионална библиотека "Любен Каравелов" Русе Регионална библиотека "Любен Каравелов" Русе Хранилище 1961-01-01 Хранилище 0.35 10160/61 Цб 19684 900000087028 1 0.18 Дост: Dp Вид: Д N: стар фонд Дата: 01.01.1961 Книги  
Изтеглен Не е изгубен   Не е повреден без рестрикции заемане за дома 282868 Регионална библиотека "Любен Каравелов" Русе Регионална библиотека "Любен Каравелов" Русе   1961-01-01 Детски отдел 0.35 10589/61 ДХ 886.7/З 52 10589/61 2 0.18 Вид: Сф N: стар фонд Дата: 01.01.1961 Дата инв: 02.09.2015 Бележки инв: Д2015 Книги Отч.N: 34/2017 , Дата: 05.09.2017
Vip Innovations Ltd, Rousse, Bulgaria 2025